Adivina el país o territorio con emojis #2 - Estadísticas

Estadísticas generales
  • Esta prueba ha sido intentada 18 veces
  • La puntuación promedio es 20 de 30
Estadísticas de respuestas
Imagen Respuesta % Correcto
Suiza
100%
Perú
93%
Rumania
93%
Bélgica
87%
Mónaco
87%
Noruega
87%
Arabia Saudita
80%
Austria
80%
Dinamarca
80%
Ecuador
80%
Uruguay
80%
Finlandia
73%
Islandia
73%
Suecia
73%
Turquía
73%
Bolivia
67%
Indonesia
67%
Jamaica
60%
Marruecos
60%
Vaticano
60%
Antártida
53%
Malasia
53%
Serbia
53%
Mongolia
47%
Bermudas
40%
Macao
40%
Maldivas
40%
Filipinas
33%
Somalia
33%
Camerún
20%
No se encontraron pruebas coincidentes
Distribución de puntuación
Porcentaje de gente con cada puntuación
Porcentaje por número respondido
Historial de tus puntuaciones
No has intentado esta prueba.